000
00254nam a2200085Ia 4500
005
20250424112913.0
008
250424s9999 xx 000 0 und d
650
_a
Biology, Experimental--Nigeria--Periodicals. Biology, Experimental--Periodicals.
942
_c
SR
999
_c
37794
_d
37794